[Event "FRA-chT4 0506"]
[Site "France"]
[Date "2006.01.15"]
[Round "4"]
[White "Dubuisson, Angele"]
[Black "Evrard, Lea"]
[Result "1-0"]
[WhiteElo "1370"]
[BlackElo "1040"]
[PlyCount "57"]
[EventDate "2005.10.02"]
[EventType "team"]
[EventRounds "9"]
[EventCountry "FRA"]
[SourceTitle "EXT 2007"]
[Source "ChessBase"]
[SourceDate "2006.11.23"]
[SourceVersion "1"]
[SourceVersionDate "2006.11.23"]
[SourceQuality "1"]

1. e4 e5 2. f4 exf4 3. Nf3 Nf6 4. Nc3 Nc6 5. d4 Bb4 6. Bd2 Bxc3 7. d5 Bxd2+ 8. Qxd2 Ne7 9. Qxf4 d6 10. 0-0-0 c6 11. e5 Nfxd5 12. Qg5 g6 13. exd6 Qxd6 14. c4 Be6 15. cxd5 cxd5 16. Kb1 Qc6 17. Nd4 Qd6 18. Nxe6 Qxe6 19. Bb5+ Nc6 20. Rhe1 Qxe1 21. Rxe1+ Kf8 22. Bxc6 bxc6 23. Qe7+ Kg7 24. Rf1 Rhf8 25. h4 h5 26. Qf6+ Kh6 27. g4 a6 28. gxh5 Kxh5 29. Qg5# 1-0

[Event "FRA-chT4 0506"]
[Site "France"]
[Date "2006.??.??"]
[Round "7"]
[White "Pierlot, Aurore"]
[Black "Evrard, Lea"]
[Result "1-0"]
[WhiteElo "1310"]
[BlackElo "1040"]
[PlyCount "61"]
[EventDate "2005.10.02"]
[EventType "team"]
[EventRounds "9"]
[EventCountry "FRA"]
[SourceTitle "EXT 2007"]
[Source "ChessBase"]
[SourceDate "2006.11.23"]
[SourceVersion "1"]
[SourceVersionDate "2006.11.23"]
[SourceQuality "1"]

1. e4 e5 2. Nf3 Nc6 3. Bb5 Nf6 4. Nc3 Bb4 5. d3 d6 6. Bxc6+ bxc6 7. Bd2 0-0 8. 0-0 Be6 9. a3 Ba5 10. d4 Bb6 11. dxe5 dxe5 12. Nxe5 c5 13. f4 Re8 14. Qe1 Qe7 15. Rd1 Bc8 16. f5 Ba6 17. Nd3 c4+ 18. Nf2 Qc5 19. Kh1 Re7 20. Bg5 h6 21. Bxf6 gxf6 22. Qe2 Kf8 23. Ng4 Kg7 24. Qf3 Qc6 25. Qf4 Kf8 26. Qxh6+ Kg8 27. Nxf6+ Qxf6 28. Qxf6 Kf8 29. Qh6+ Kg8 30. f6 Re6 31. Qg7# 1-0

[Event "FRA-chT4 0506"]
[Site "France"]
[Date "2005.11.20"]
[Round "2"]
[White "Baume, Sandrine"]
[Black "Evrard, Lea"]
[Result "1-0"]
[WhiteElo "1500"]
[BlackElo "1010"]
[PlyCount "57"]
[EventDate "2005.10.02"]
[EventType "team"]
[EventRounds "9"]
[EventCountry "FRA"]
[SourceTitle "EXT 2007"]
[Source "ChessBase"]
[SourceDate "2006.11.23"]
[SourceVersion "1"]
[SourceVersionDate "2006.11.23"]
[SourceQuality "1"]

1. e4 e5 2. Nf3 Nc6 3. c3 Nf6 4. d4 d6 5. d5 Ne7 6. Be2 Nxe4 7. Qa4+ c6 8. dxc6 bxc6 9. Qxe4 Bd7 10. 0-0 Ng6 11. Be3 Be7 12. c4 0-0 13. Nc3 Be6 14. Qxc6 Bf5 15. Rfd1 a5 16. Bb6 Qb8 17. Qc7 Bd8 18. Qxb8 Rxb8 19. Bxd8 Rfxd8 20. b3 Ne7 21. Rd2 e4 22. Nd4 d5 23. Nxf5 Nxf5 24. Rxd5 Ne7 25. Re5 f6 26. Rxe7 f5 27. Ra7 Ra8 28. Rxa8 Rxa8 29. Rd1 1-0

[Event "Le Touquet op-B 20th"]
[Site "Le Touquet"]
[Date "2005.10.23"]
[Round "1"]
[White "Fazekas, Philippe"]
[Black "Evrard, Lea"]
[Result "1-0"]
[WhiteElo "1390"]
[BlackElo "1010"]
[PlyCount "39"]
[EventDate "2005.10.22"]
[EventType "swiss"]
[EventRounds "9"]
[EventCountry "FRA"]
[SourceTitle "EXT 2006"]
[Source "ChessBase"]
[SourceDate "2005.11.24"]
[SourceVersion "1"]
[SourceVersionDate "2005.11.24"]
[SourceQuality "1"]

1. d4 d5 2. Nc3 Nf6 3. Nf3 Nc6 4. Bf4 Bg4 5. h3 Bd7 6. e3 e6 7. a3 Bd6 8. Bd3 Qe7 9. Ne5 Nxe5 10. dxe5 0-0 11. exd6 cxd6 12. 0-0 e5 13. Bg5 h6 14. Nxd5 Qe6 15. Nxf6+ gxf6 16. Bxh6 Rfc8 17. Qh5 Be8 18. Bf5 Qe7 19. Qg4+ Kh8 20. Qg7# 1-0